000 00632nam a22001817a 4500
999 _c14966
_d14966
003 OSt
082 _2631.3 ANO/DE
088 _aP 309
100 _aANOOP S.V
_aANSI K.A
_aDIDEESH M
_93854
245 _aDesign and development of manually operated copra slicer
260 _aTavanur 2015
_bDepartment Of Farm Power Machinery and Energy
300 _a53
500 _aDesign and development of manually operated copra slicer
520 _aDesign and development of manually operated copra slicer
700 _aEr. Sindhu Bhaskar
_93429
856 _uhttps://drive.google.com/open?id=1nSaAo8CU5qgokTrr9dz2pGpfZiLpbGeC
942 _cPR